Wheater’s functional histology: a text and colour atlas
Guardat en:
| Autor principal: | |
|---|---|
| Format: | Llibre |
| Idioma: | anglès |
| Publicat: |
Churchill Livingstone,
2002
|
| Etiquetes: |
Afegir etiqueta
Sense etiquetes, Sigues el primer a etiquetar aquest registre!
|
MARC
| LEADER | 00000nam a22000007a 4500 | ||
|---|---|---|---|
| 008 | 210122b ||||| |||| 00| 0 eng d | ||
| 020 | |a 0443-05612-1 | ||
| 100 | |a YOUNG, Barbara. | ||
| 245 | |a Wheater’s functional histology: |b a text and colour atlas |c Barbara Young, John W. Heath |g 413p. | ||
| 250 | |b 4th ed. | ||
| 260 | |b Churchill Livingstone, |c 2002 |h London |i 687176 |l QM551 .Yo8 |m Histology – Atlases. | ||
| 500 | |a “It includes index and CD-ROM” | ||
| 942 | |a lcc |c BK |e Adeniran, F. A |f 22/01/2021 | ||
| 952 | |0 0 |1 0 |2 lcc |4 0 |6 QM0551 Y O8 |7 0 |9 1603 |a HOL |b RF |c QZ |d 2021-01-22 |l 0 |o QM551 .Yo8 |p 2021-0391 |r 2021-01-22 00:00:00 |w 2021-01-22 |y BK | ||
| 999 | |c 848 |d 848 | ||